Presentations for Decision Makers / Strategies for Structuring and Delivering Your Ideas (Record no. 1082)
[ view plain ]
| 000 -LEADER | |
|---|---|
| fixed length control field | 01239cam a22002174a 4500 |
| 005 - ΗΜΕΡΟΜΗΝΙΑ ΚΑΙ ΩΡΑ ΤΕΛΕΥΤΑΙΑΣ ΕΝΗΜΕΡΩΣΗΣ | |
| Πεδίο ελέγχου | 20250605163957.0 |
| 008 - FIXED-LENGTH DATA ELEMENTS--GENERAL INFORMATION | |
| Πεδίο ελέγχου σταθερού μήκους | 250528s ||||||||||||||||||||||||d |
| 035 ## - SYSTEM CONTROL NUMBER | |
| System control number | 15506 |
| 020 ## - ISBN | |
| ISBN | 534027040 |
| 040 ## - ΠΗΓΗ ΚΑΤΑΛΟΓΟΓΡΑΦΗΣΗΣ | |
| Φορέας πρωτότυπης καταλογογράφησης | MC Athens Campus Library |
| Γλώσσα καταλογογράφησης | Ελληνικά, Μοντέρνα (1453-) |
| Modifying agency | MC Athens Campus Library |
| Κανόνες περιγραφικής καταλογογράφησης | AACR2 |
| 245 1# - ΤΙΤΛΟΣ ΚΑΙ ΔΗΛΩΣΗ ΥΠΕΥΘΥΝΟΤΗΤΑΣ | |
| Τίτλος | Presentations for Decision Makers / Strategies for Structuring and Delivering Your Ideas |
| 260 ## - PUBLICATION, DISTRIBUTION, ETC. | |
| Name of publisher, distributor, etc. | Van Nostrand Reinhold, |
| Date of publication, distribution, etc. | 1983 |
| 300 ## - PHYSICAL DESCRIPTION | |
| Extent | 218 |
| 505 0# - FORMATTED CONTENTS NOTE | |
| Formatted contents note | A Strategy for Successful Presentations, Focusing on the Audience, Building a Logical Structure, Designing the Presentation, Designing and Using Visuals, Setting the Stage, Rehearsing and Delivering the Presentation, Meetings and Negotiations and Informal Conferences, Speaking Outside the Organization, Videoconferences, Appendix. |
| 520 ## - SUMMARY, ETC. | |
| Summary, etc. | A Strategy for Successful Presentations, Focusing on the Audience, Building a Logical Structure, Designing the Presentation, Designing and Using Visuals, Setting the Stage, Rehearsing and Delivering the Presentation, Meetings and Negotiations and Informal Conferences, Speaking Outside the Organization, Videoconferences, Appendix. |
| 700 1# - ΠΡΟΣΘΕΤΗ ΑΝΑΓΡΑΦΗ--ΦΥΣΙΚΟ ΠΡΟΣΩΠΟ | |
| Personal name | Holcombe Marya W |
| 9 (RLIN) | 1440 |
| 700 1# - ΠΡΟΣΘΕΤΗ ΑΝΑΓΡΑΦΗ--ΦΥΣΙΚΟ ΠΡΟΣΩΠΟ | |
| Personal name | Stein Judith K |
| 9 (RLIN) | 1441 |
| 942 ## - ADDED ENTRY ELEMENTS (KOHA) | |
| Koha item type | Books |
| Τύπος τεκμηρίου | Βιβλιοθήκη | Τρέχουσα τοποθεσία | Barcode | Αριθμός εισαγωγής | Ημερομηνία απόκτησης | Ταξιθετικό σύμβολο | Αριθμός αντιτύπου | Κατάσταση απόσυρσης | Κατάσταση χαμένου | Κατάσταση κατεστραμμένου | Μη δανεισμός | Σύνολο δανεισμών | Ημερομηνία τελευταίας εμφάνισης | Η τιμή ισχύει από |
|---|---|---|---|---|---|---|---|---|---|---|---|---|---|---|
| Books | MC Athens Campus Library | MC Athens Campus Library | 9780000010810 | 1852 | 05/06/2025 | 658.4/5 HOL | 1 | 05/06/2025 | 05/06/2025 |